Finde das geheime Land #3 - Statistiken

Allgemein
  • Dieses Quiz wurde 237 mal gespielt
  • Das Durchschnittsergebnis liegt bei 15 aus 27
Antwortstatistiken
Hint Antwort % Korrekt
AINR Iran
94%
ALOS Laos
92%
AAILMW Malawi
92%
AABBDORS Barbados
91%
AHIIT Haiti
91%
AALPU Palau
89%
AGNOT Tonga
89%
AAAKDN Kanada
88%
DEIINN Indien
82%
CDFHIIS Fidschi
80%
AEGIINR Nigeria
76%
CDEEHNSW Schweden
73%
ADFILNNN Finnland
72%
EEGGINOR Georgien
54%
AEIKNRU Ukraine
37%
AADNORR Andorra
29%
AABEILNN Albanien
28%
ABEIILNRS Brasilien
28%
AIIMRSTUU Mauritius
27%
ACDIIMNO Dominica
25%
AAACGINRU Nicaragua
24%
ADELLNTT Lettland
23%
AAAAkDGMRS Madagaskar
23%
EHIIILNNPPP Philippinen
23%
AACDHIIKNSSTT Tadschikistan
23%
Secret Country LITAUEN
21%
AAABCDEHINRSS Aserbaidschan
16%
Keine übereinstimmenden Quizze gefunden
Verteilung der Resultate
Anzahl Personen mit jedem Resultat
Perzentil nach korrekt beantworteten Fragen
Ihre Resultats-Entwicklung
Sie haben dieses Quiz noch nicht gespielt